Statistics for All Countries that... #2

Click here to take the quiz!

General Stats

  • This quiz has been taken 1,687 times
    (836 since last reset)
  • The average score is 20 of 32

Answer Stats

All Countries that...Countries% Correct
...use the Pound as their currencyUnited Kingdom
95%
...border ItalyFrance
93%
...start with KKazakhstan
90%
...border ItalySwitzerland
90%
...border ItalyVatican City
89%
...border ItalyAustria
87%
...border ItalySan Marino
87%
...border ItalySlovenia
84%
...start with KKenya
83%
...are communistChina
81%
...start with KKyrgyzstan
81%
...start with KKiribati
75%
...start with KKosovo
72%
...are communistCuba
70%
...start with KKuwait
67%
...are in Africa and lie on the Prime MeridianAlgeria
64%
...are communistVietnam
64%
...are in Africa and lie on the Prime MeridianMali
63%
...are in Africa and lie on the Prime MeridianGhana
57%
...end with LSenegal
54%
...are in Africa and lie on the Prime MeridianBurkina Faso
53%
...are communistLaos
50%
...end with LPortugal
48%
...are in Africa and lie on the Prime MeridianTogo
48%
...end with LBrazil
44%
...end with LNepal
43%
...end with LIsrael
37%
...use the Pound as their currencyEgypt
31%
...use the Pound as their currencySudan
23%
...use the Pound as their currencySouth Sudan
19%
...use the Pound as their currencyLebanon
10%
...use the Pound as their currencySyria
10%

Score Distribution

Percentile by Number Answered

Percent of People with Each Score

Your Score History

You have not taken this quiz since the last reset